Quiz de Conhecimentos Gerais #3 - Statistics

Estatísticas Gerais
  • Esse quiz foi jogado 6 879 vezes
  • A pontuação média é 9 de 20
Estatísticas das Respostas
Hint Resposta % Correto
Qual é a maior espécie de animal? {Baleia}-azul
95%
Qual é o inverso do Trópico de Capricórnio? Trópico de {Câncer}
85%
Qual é o primeiro livro da Bíblia? Gênesis
77%
Quem cantou "Poker Face"? Lady Gaga
76%
Em que cidade você encontraria o edifício mais alto do mundo? Dubai
75%
O que as plantas carnívoras comem? Insetos
74%
Que papa renunciou em 2013? Papa Bento XVI
51%
Que numeral romano é igual a 2159? MMCLIX
48%
Que cidade celebra a Oktoberfest original? Munique
46%
Quem é o vocalista dos The Rolling Stones? Mick Jagger
43%
Que prisão foi invadida em 14 de julho de 1789? Bastilha
42%
Qual é a capital da Islândia? Reykjavík
40%
Qual é a montanha mais alta da África? Kilimanjaro
38%
Qual é o filme mais conhecido dirigido por Francis Ford Coppola? O Poderoso Chefão(br)O Padrinho(pt)
35%
Quem foi o primeiro imperador romano? Augusto
26%
Que grande cidade japonesa foi poupada dos danos dos bombardeiosdurante a Segunda Guerra Mundial por causa de seu valor cultural? Quioto
22%
Em que país você encontraria a cidade de Haarlem? Países Baixos
21%
Quem escreveu "O Grande Gatsby"? F. Scott Fitzgerald
13%
Qual é o verdadeiro nome de Eminem? Marshall Mathers
11%
Quem é o marido de Steffi Graf? Andre Agassi
8%
Nenhum quiz correspondente encontrado
Distribuição das Pontuações
Porcentagem de Pessoas com Cada Pontuação
Percentil de Números Respondidos
Sua Pontuação Histórica
Você não jogou esse quiz